000 00374nam a2200145 i 4500
001 bg
100 1 _aPOPESKO, Peter
245 0 _aAtlas anatomii topograficznej zwierząt domowych.
_nT. 3,
_pMiednica i kończyny /
_cPeter Popesko.
250 _aWyd. 3.
260 _aWarszawa.
040 _cBPK
041 _apol
942 _cKS
008 s pl f |000 0 pol
999 _c9403
_d9403
856 _uhttp://koha.tu.koszalin.pl/cgi-bin/koha/opac-detail.pl?biblionumber=9403
_yKatalog online BPK